| 000 | 01122nam a2200313 i 4500 | ||
|---|---|---|---|
| 003 | EG-ScBUE | ||
| 005 | 20240526130739.0 | ||
| 008 | 200219s1994 en b f b 000 0 eng d | ||
| 020 | _a9780582063693 | ||
| 040 |
_aEG-ScBUE _beng _erda _cEG-ScBUE _dEG-ScBUE |
||
| 043 |
_ama----- _aa-is--- |
||
| 082 | 0 | 4 |
_a956 _222 _bOVE |
| 100 | 1 |
_aOvendale, Ritchie, _eauthor. |
|
| 245 | 1 | 4 |
_aThe origins of the Arab-Israeli wars / _cRitchie Ovendale. |
| 250 | _aThird edition. | ||
| 264 | 1 |
_aLondon ; _aNew York : _bLongman Group UK Limited, _c1994. |
|
| 300 |
_axiv, 308 pages : _bmaps ; _c22 cm |
||
| 336 |
_2rdacontent _atext _btxt |
||
| 337 |
_2rdamedia _aunmediated _bn |
||
| 338 |
_2rdacarrier _avolume _bnc |
||
| 504 | _aIncludes bibliographical references and index. | ||
| 650 | 7 |
_aArab-Israeli conflict. _2BUEsh |
|
| 651 | 7 |
_aIsrael _xHistory, Military. _2BUEsh |
|
| 651 | 7 |
_aArab countries _xHistory, Military. _2BUEsh |
|
| 655 | _vReading book | ||
| 906 |
_a7 _bcbc _corignew _d1 _eocip _f19 _gy-gencatlg |
||
| 942 |
_2ddc _cBB |
||
| 999 |
_c30765 _d30736 |
||